书目信息 |
| 题名: |
实用表面组装技术
|
|
| 作者: | 张文典 编著 | |
| 分册: | ||
| 出版信息: | 北京 电子工业出版社 2006.01 |
|
| 页数: | 497页 | |
| 开本: | 26cm | |
| 丛书名: | ||
| 单 册: | ||
| 中图分类: | TN41 | |
| 科图分类: | TN41 | |
| 主题词: | 印刷电路-组装 | |
| 电子资源: | ||
| ISBN: | 7-121-01737-7 | |
| 000 | 00600nam0 2200217 450 | |
| 001 | 0638375913 | |
| 005 | 20061011094911.84 | |
| 010 | @a7-121-01737-7@dCNY 48.00 | |
| 100 | @a20060824d2006 km y0chiy0120 ea | |
| 101 | 0 | @achi |
| 102 | @b110000 | |
| 200 | 1 | @a实用表面组装技术@Ashi yong biao mian zu zhuang ji shu@f张文典编著@Fzhang wen dian bian zhu |
| 205 | @a2版 | |
| 210 | @a北京@c电子工业出版社@d2006.01 | |
| 215 | @a497页@d26cm | |
| 606 | 0 | @a印刷电路-组装 |
| 690 | @aTN41@v4 | |
| 692 | @aTN41 | |
| 701 | 0 | @a张文典@Azhang wen dian@4编著 |
| 801 | 0 | @aCN@c20061011 |
| 905 | @a10447@dTN41@eZ190 | |
| 实用表面组装技术/张文典编著.-2版.-北京:电子工业出版社,2006.01 |
| 497页;26cm |
| ISBN 7-121-01737-7:CNY 48.00 |
| ● |
| 相关链接 |
|
|
|
正题名:实用表面组装技术
索取号:TN41/Z190
 
预约/预借
| 序号 | 登录号 | 条形码 | 馆藏地/架位号 | 状态 | 备注 |
| 1 | 609194 | 206091940 | 自科库301/301自科库 26排4列5层/ [索取号:TN41/Z190] | 在馆 | |
| 2 | 609195 | 206091959 | 自科库301/301自科库 26排4列5层/ [索取号:TN41/Z190] | 在馆 | |
| 3 | 609196 | 206091968 | 自科库301/404自科库 17排1列2层/ [索取号:TN41/Z190] | 在馆 |